Problemática mundial de los derechos humanos / (Registro nro. 5212)

Detalles MARC
000 -LEADER
fixed length control field 00912nam a2200265Ia 4500
003 - CONTROL NUMBER IDENTIFIER
control field OSt
005 - DATE AND TIME OF LATEST TRANSACTION
control field 20200415174342.0
008 - FIXED-LENGTH DATA ELEMENTS--GENERAL INFORMATION
fixed length control field 191128s1974 ck fr 001 0 spa d
040 ## - CATALOGING SOURCE
Original cataloging agency CO-JMCR
Transcribing agency CO-JMCR
041 0# - LANGUAGE CODE
Language code of text/sound track or separate title spa
082 04 - DEWEY DECIMAL CLASSIFICATION NUMBER
Classification number 323.4 /
Item number C151p
Edition number 23
100 1# - MAIN ENTRY--PERSONAL NAME
Personal name Camargo, Pedro Pablo,
Relator term autor
9 (RLIN) 3096
245 10 - TITLE STATEMENT
Title Problemática mundial de los derechos humanos /
Statement of responsibility, etc. Pedro Pablo Camargo
250 ## - EDITION STATEMENT
Edition statement Primera edición
260 ## - PUBLICATION, DISTRIBUTION, ETC.
Place of publication, distribution, etc. Bogotá :
Name of publisher, distributor, etc. Universidad La Gran Colombia,
Date of publication, distribution, etc. 1974
300 ## - PHYSICAL DESCRIPTION
Extent 378 páginas ;
Dimensions 23 cm.
490 0# - SERIES STATEMENT
Series statement Serie A. Textos ;
Volume/sequential designation 4
500 ## - GENERAL NOTE
General note Incluye índice análitico y de autores.
504 ## - BIBLIOGRAPHY, ETC. NOTE
Bibliography, etc. note Bibliografía: páginas 355-368
505 0# - FORMATTED CONTENTS NOTE
Formatted contents note La persona humana en el derecho nacional -- La persona humana en el derecho internacional
650 14 - SUBJECT ADDED ENTRY--TOPICAL TERM
Topical term or geographic name entry element Derechos civiles
9 (RLIN) 3097
650 14 - SUBJECT ADDED ENTRY--TOPICAL TERM
Topical term or geographic name entry element Derechos humanos
9 (RLIN) 3098
650 14 - SUBJECT ADDED ENTRY--TOPICAL TERM
Topical term or geographic name entry element Derecho internacional
9 (RLIN) 2682
942 ## - ADDED ENTRY ELEMENTS (KOHA)
Source of classification or shelving scheme Dewey Decimal Classification
Koha item type Books
Existencias
Withdrawn status Lost status Source of classification or shelving scheme Damaged status Not for loan Collection code Home library Current library Date acquired Source of acquisition Cost, normal purchase price Total Checkouts Full call number Barcode Date last seen Copy number Koha item type
    Dewey Decimal Classification     Non-fiction Biblioteca Pública José María del Castillo y Rada Biblioteca Pública José María del Castillo y Rada 04/15/2018 Donación 0.00   323.4 / C151p 430001535 05/16/2024 Ej.1 Books